Bharatiya sarkar aru rajniti (Record no. 8651)

MARC details
000 -LEADER
fixed length control field 00633cam a2200241ua 4500
008 - FIXED-LENGTH DATA ELEMENTS--GENERAL INFORMATION
fixed length control field 160310n ii |||gr||||Z||||||asm
020 ## - INTERNATIONAL STANDARD BOOK NUMBER
International Standard Book Number 9789382750130
040 ## - CATALOGING SOURCE
Transcribing agency MAIN
041 ## - LANGUAGE CODE
-- asm
082 ## - DEWEY DECIMAL CLASSIFICATION NUMBER
Classification number 320.954
100 ## - MAIN ENTRY--PERSONAL NAME
Personal name Das, Baikuntha,
Relator term
245 1# - TITLE STATEMENT
Title Bharatiya sarkar aru rajniti
Statement of responsibility, etc. by Baikuntha Das
250 ## - EDITION STATEMENT
Edition statement 1st ed.
260 ## - PUBLICATION, DISTRIBUTION, ETC.
Place of publication, distribution, etc. Dibrugarh:
Name of publisher, distributor, etc. Banalata,
Date of publication, distribution, etc. 2013.
300 ## - PHYSICAL DESCRIPTION
Extent 325p.
700 ## - ADDED ENTRY--PERSONAL NAME
Personal name Sharma, Anita,
Relator term
700 ## - ADDED ENTRY--PERSONAL NAME
Personal name Saikia, Pranjit,
Relator term
700 ## - ADDED ENTRY--PERSONAL NAME
Personal name Dutta, Mridul,
Relator term
942 ## - ADDED ENTRY ELEMENTS (KOHA)
Koha item type Books
653 ## - INDEX TERM--UNCONTROLLED
Uncontrolled term Political science
653 ## - INDEX TERM--UNCONTROLLED
Uncontrolled term Indian government and politics
Holdings
Withdrawn status Lost status Damaged status Not for loan Home library Current library Shelving location Date acquired Total Checkouts Full call number Barcode Date last seen Date last checked out Copy number Price effective from Koha item type
        Central Library, Naharkatiya College Central Library, Naharkatiya College General Stacks 19/09/2020 7 320.954 | BHA 23158 01/04/2025 29/03/2025 1 19/09/2020 Books
        Central Library, Naharkatiya College Central Library, Naharkatiya College General Stacks 19/09/2020 10 320.954 | BHA 23159 13/03/2026 20/02/2026 2 19/09/2020 Books

Naharkatiya College © 2020. All rights reserved.

Powered By